000 01770cam a2200385 i 4500
999 _c14128
_d14128
001 19416851
005 20190816102547.0
008 161223s2017 cau d b 000 1 eng
010 _a 2016041527
020 _a978-148472370-8
020 _a1484717163 (hardcover)
040 _aDLC
_beng
_cDLC
_erda
_dDLC
042 _alcac
_apcc
050 0 0 _aPZ7.W4358
_bPe 2017
082 0 0 _aDFic
_2©2017.
_bW430
100 1 _aWein, Elizabeth,
_eauthor.
_939178
245 1 4 _aThe pearl thief /
_cby Elizabeth Wein.
250 _aFirst edition.
260 _aLos Angeles:
_bHyperion,
_c©2017
300 _a325 pages ;
_c22 cm
500 _aPrequel to: Code name Verity.
504 _aIncludes bibliographical references.
520 _aFifteen-year-old Julia Beaufort-Stuart wakes up in a hospital not knowing how she was injured, and soon befriends Euan McEwen, the Scottish Traveller boy who found her, and later, when a body is discovered, she experiences the prejudices his family has endured and tries to keep them from being framed for the crime.
650 0 _aScottish Travellers (Nomadic people)
_vJuvenile fiction.
_939179
650 1 _aScottish Travellers (Nomadic people)
_vFiction.
_939180
650 1 _aMystery and detective stories.
_939181
650 1 _aFriendship
_vFiction.
_939182
650 1 _aPrejudices
_vFiction.
_939183
651 1 _aScotland
_xHistory
_y20th century
_vFiction.
_939184
776 0 8 _iOnline version:
_aWein, Elizabeth, author.
_tPearl thief
_bFirst edition.
_dLos Angeles : Hyperion, 2017
_z9781484719510
_w(DLC) 2017000745
365 _b970.00
_cPhp
906 _a7
_bcbc
_corignew
_d1
_eecip
_f20
_gy-gencatlg
942 _2ddc
_cDFC